Modern operating systems / (Record no. 51618)

MARC details
000 -LEADER
fixed length control field 00533nam a2200205Ia 4500
005 - DATE AND TIME OF LATEST TRANSACTION
control field 20260429111945.0
008 - FIXED-LENGTH DATA ELEMENTS--GENERAL INFORMATION
fixed length control field 260429s9999||||xx |||||||||||||| ||und||
020 ## - INTERNATIONAL STANDARD BOOK NUMBER
International Standard Book Number 9789361595134
041 ## - LANGUAGE CODE
Language English
082 ## - DEWEY DECIMAL CLASSIFICATION NUMBER
Classification number 005.43
Item number TAN
100 ## - MAIN ENTRY--PERSONAL NAME
Personal name Tanenbaum, Andrew
245 #0 - TITLE STATEMENT
Title Modern operating systems /
Statement of responsibility, etc Andrew Tanenbaum
250 ## - EDITION STATEMENT
Edition statement 5th ed.
260 ## - PUBLICATION, DISTRIBUTION, ETC. (IMPRINT)
Place of publication, distribution, etc India :
Name of publisher, distributor, etc Pearson,
Date of publication, distribution, etc 2024.
300 ## - PHYSICAL DESCRIPTION
Extent xxii, 1156 p.; pbk
650 ## - SUBJECT ADDED ENTRY--TOPICAL TERM
Topical term or geographic name as entry element Operating systems
650 ## - SUBJECT ADDED ENTRY--TOPICAL TERM
Topical term or geographic name as entry element Computer science
700 ## - ADDED ENTRY--PERSONAL NAME
Personal name Bos, Herbert
942 ## - ADDED ENTRY ELEMENTS (KOHA)
Koha item type Text Books
Holdings
Withdrawn status Lost status Damaged status Not for loan Collection code Home library Location Shelving location Date of Cataloging Source of acquisition Total Checkouts Full call number Barcode Date last seen Price effective from Koha item type
        Non-fiction CUTN Central Library CUTN Central Library Generalia 29/04/2026 Chennai Book Agency, Chennai - Invoice No. 24-25/0154 on 10-02-2026   005.43 TAN 56646 29/04/2026 29/04/2026 Text Books